ALİŞİN KABAKLARI (Record no. 709035)

MARC details
000 -LEADER
sabit uzunluktaki kontrol alanı 00244nam a2200097Ia 4500
001 - KONTROL NUMARASI
kontrol alanı 709035
005 - EN SON İŞLEMİN TARİH VE ZAMANI
kontrol alanı 20250826162539.0
008 - SABİT-UZUNLUKTA VERİ ÖĞELERİ--GENEL BİLGİ
sabit uzunluktaki kontrol alanı 250824s9999 xx 000 0 und d
245 #0 - ESER / YAZAR
ESER ADI ALİŞİN KABAKLARI
Yazar Adı AYLA ÇINAROĞLU
260 ## - YAYIN, DAĞITIM, VB.
YAYIN EVİ TUDEM YAYINLARI
Holdings
Düşüm durumu Kayıp durumu Hasar Durumu Ödünç verilmez Ana kütüphane Geçerli Kütüphane Edinilen tarih Toplam ödünç verme sayısı Barkod Son görüntüleme tarihi Son ödünç verme tarihi Fiyatın geçerli olmaya başladığı tarih Koha materyal türü
        CAHİT ZARİFOĞLU İLKOKULU CAHİT ZARİFOĞLU İLKOKULU 24.08.2025 1 10272086 23.02.2026 16.02.2026 26.08.2025 Books